00300cam a22000977a 4500008004000000020001800040100002200058245007700080260003500157300001000192180718b1999 xxu||||| |||| 00| 0 eng d a81 86782 41 9 aTailor, Meenakshi aBharat main sansdiya Shashan ke Ochitya ka Parikshacby Meenakshi Tailor aJaipurbPublication Skimc1999 a244p.